| 000 | 02105nam0a2200349 4500 | ||
|---|---|---|---|
| 001 | RU\NLR\bibl\1079915 | ||
| 005 | 20260406130938.0 | ||
| 010 |
_a978-5-238-01219-3 _91000 |
||
| 021 |
_aRU _b2007-19230 _91022 |
||
| 035 | _a(NLR Aleph) 001067101 | ||
| 090 |
_a975173 _c975173 |
||
| 100 | _a20070502d2007 |||y0rusy50 ca | ||
| 101 | 0 | _arus | |
| 102 | _aRU | ||
| 105 | _ay ||||||||| | ||
| 200 | 1 |
_aГражданское право _eучебник для студентов высших учебных заведений, обучающихся по специальности 030501 "Юриспруденция", для курсантов и слушателей образовательных учреждений МВД России юридического профиля _f[П.В. Алексий, М.М. Рассолов, Н.Д. Эриашвили и др.] _gпод ред. д.ю.н., проф. М.М. Рассолова, к.ю.н., проф. П.В. Алексия |
|
| 205 | _a2-е изд., перераб. и доп. | ||
| 210 |
_aМосква _cЮНИТИ _cЗакон и порядок _d2007 |
||
| 215 |
_a846 с. _d22 |
||
| 225 | 1 |
_aВысшее профессиональное образование _iЮриспруденция |
|
| 320 | _aБиблиогр. в подстроч. примеч. | ||
| 606 | 1 |
_aГражданское право _jУчебники для высших учебных заведений _yРоссийская Федерация _92073647 _3RU\NLR\auth\661248570 |
|
| 686 | _aХ623я73 | ||
| 701 | 1 |
_aАлексий _bП. В. _gПетр Васильевич _4070 |
|
| 701 | 1 |
_4070 _8rus _7ca _aРассолов _bМ. М. _f1948- _gМихаил Михайлович _3RU\NLR\auth\771521 _9111543 |
|
| 701 | 1 |
_4070 _8rus _7ca _aЭриашвили _bН. Д. _f1960- _gНодари Дарчоевич _3RU\NLR\AUTH\7728378 _911409 |
|
| 702 | 1 |
_4340 _8rus _7ca _aРассолов _bМ. М. _f1948- _gМихаил Михайлович _3RU\NLR\auth\771521 _9111543 |
|
| 801 | 0 |
_aRU _bNLR _c20070502 _gRCR |
|
| 801 | 1 |
_aRU _bNLR _c20070502 |
|
| 942 | _cBOOK | ||
| 980 | _aNB | ||